000 00411nam a22001457a 4500
005 20200612123140.0
008 200612b xxu||||| |||| 00| 0 eng d
082 _a345.4 AIR
110 _aALL INDIA REPORTER
_96025
245 _aALL INDIA REPORTER, [2003] [VOL-90] SUPREME COURT SECTION [PART-II]
260 _aMUMBAI
_bALL INDIA REPORTER, PVT. LTD.
300 _a2480;p
650 _aLAW
_95701
942 _cJRL
999 _c7084
_d7082